Normal view MARC view
  • TIRUPATHI R. CHANDRUPATLA

Entry Personal Name

Number of records used in: 6

001 - CONTROL NUMBER

  • control field: 1992

003 - CONTROL NUMBER IDENTIFIER

  • control field: NUST

005 - DATE AND TIME OF LATEST TRANSACTION

  • control field: 20170606103747.0

008 - FIXED-LENGTH DATA ELEMENTS

  • fixed length control field: 170606|| aca||aabn | a|a d

040 ## - CATALOGING SOURCE

  • Original cataloging agency: NUST
  • Transcribing agency: NUST

100 ## - HEADING--PERSONAL NAME

  • Personal name: TIRUPATHI R. CHANDRUPATLA

670 ## - SOURCE DATA FOUND

  • Source citation: Work cat.: (NUST)23227: TIRUPATHI R. CHANDRUPATLA, INTRODUCTION TO FINITE ELEMENTS IN ENGINEERING , 1997
© 2023 Central Library, National University of Sciences and Technology. All Rights Reserved.